5HLuxD.jpg

KING HENRY VIII SENIOR AND PRIMARY SCHOOL LIBRARY OPAC

Ireland / (Record no. 1494)

000 -LEADER
fixed length control field 01138cam a2200313 a 4500
001 - CONTROL NUMBER
control field .b29258455
003 - CONTROL NUMBER IDENTIFIER
control field OCoLC
005 - DATE AND TIME OF LATEST TRANSACTION
control field 20221230161051.0
008 - FIXED-LENGTH DATA ELEMENTS--GENERAL INFORMATION
fixed length control field 080408s2009 nyuab b 001 0 eng d
010 ## - LIBRARY OF CONGRESS CONTROL NUMBER
LC control number 2008014788
020 ## - INTERNATIONAL STANDARD BOOK NUMBER
International Standard Book Number 9780531213599 (pbk.)
035 ## - SYSTEM CONTROL NUMBER
System control number (OCoLC)222664889
Canceled/invalid control number (OCoLC)437528041
040 ## - CATALOGING SOURCE
Original cataloging agency DLC
Language of cataloging eng
Transcribing agency DLC
Modifying agency IG#
-- BTCTA
-- ON8
-- BIB
-- LF8
-- GO3
-- EHH
-- UPZ
-- FMG
-- XY4
-- TWE
-- BDX
-- JPL
-- OCLCA
-- NTNU
-- KH8
042 ## - AUTHENTICATION CODE
Authentication code nbic
043 ## - GEOGRAPHIC AREA CODE
Geographic area code e-ie---
082 0# - DEWEY DECIMAL CLASSIFICATION NUMBER
Classification number 941.5 KOP
100 1# - MAIN ENTRY--PERSONAL NAME
Personal name Koponen, Libby.
Relator term author
245 10 - TITLE STATEMENT
Title Ireland /
Statement of responsibility, etc. Libby Koponen.
260 ## - PUBLICATION, DISTRIBUTION, ETC.
Place of publication, distribution, etc. New York :
Name of publisher, distributor, etc. Children's Press,
Date of publication, distribution, etc. 2009.
300 ## - PHYSICAL DESCRIPTION
Extent 48 p. :
Other physical details col. ill., col. map ;
Dimensions 22 cm.
490 1# - SERIES STATEMENT
Series statement A True book.
504 ## - BIBLIOGRAPHY, ETC. NOTE
Bibliography, etc. note Includes bibliographical references (p. 44-45) and index.
505 0# - FORMATTED CONTENTS NOTE
Formatted contents note An island on the edge -- Green fields -- Warriors and scholars -- Treasures -- Still Irish.
520 ## - SUMMARY, ETC.
Summary, etc. A basic overview of Ireland, including information on its geography, history, government, religion, people and culture.
651 #0 - SUBJECT ADDED ENTRY--GEOGRAPHIC NAME
Geographic name Ireland
Form subdivision Juvenile literature.
651 #1 - SUBJECT ADDED ENTRY--GEOGRAPHIC NAME
Geographic name Ireland.
830 #0 - SERIES ADDED ENTRY--UNIFORM TITLE
Uniform title True book.
942 ## - ADDED ENTRY ELEMENTS (KOHA)
Source of classification or shelving scheme
Koha item type Books - Non Ficton
Holdings
Withdrawn status Lost status Source of classification or shelving scheme Damaged status Not for loan Collection code Permanent Location Current Location Shelving location Date acquired Full call number Barcode Date last seen Price effective from Koha item type
          Non-Fiction KH8 Primary School Library KH8 Primary School Library Non Fiction 2022-12-30 941.5 KOP KHPL000003274 2025-12-05 2022-12-30 Books - Non Ficton

Powered By KH8 IT Dept